[Event "Jatai Goiania-ch"]
[Site "Jatai"]
[Date "2021.06.05"]
[Round "3"]
[White "Garcia, Gabriel Gonzaga"]
[Black "Mourao, Igor AC Lofredo"]
[Result "1/2-1/2"]
[WhiteElo "2127"]
[BlackElo "2151"]
[PlyCount "145"]
[EventDate "2021.06.04"]
[EventType "swiss"]
[EventRounds "6"]
[EventCountry "BRA"]
[SourceTitle "CBM 202 Extra"]
[Source "ChessBase"]
[SourceDate "2021.07.31"]
[SourceVersion "1"]
[SourceVersionDate "2021.07.31"]
[SourceQuality "1"]

1. e4 c5 2. Nf3 Nc6 3. d4 cxd4 4. Nxd4 g6 5. Nc3 Bg7 6. Be3 Nf6 7. Be2 0-0 8. Nb3 d6 9. 0-0 a6 10. f4 b5 11. Bf3 Bb7 12. e5 dxe5 13. fxe5 Nd7 14. e6 fxe6 15. Bg4 Nce5 16. Bxe6+ Kh8 17. Qe2 Rxf1+ 18. Rxf1 b4 19. Nb1 Qc7 20. Bd4 Nf8 21. Re1 Nxe6 22. Bxe5 Qb6+ 23. Qe3 Qc6 24. Re2 Rd8 25. N1d2 Bxe5 26. Qxe5+ Ng7 27. Nd4 Qf6 28. N2b3 Qxe5 29. Rxe5 e6 30. Rc5 Bd5 31. Nc6 Bxc6 32. Rxc6 Nf5 33. Kf2 a5 34. Rxe6 a4 35. Nc5 Nd4 36. Re4 Nxc2 37. Nxa4 Nd4 38. Nc5 Nc6 39. Ne6 Rd2+ 40. Ke3 Rxb2 41. Rc4 Ne7 42. Kf3 Rxa2 43. Rxb4 Kg8 44. Rb7 Nf5 45. g4 Nh6 46. Rb8+ Kf7 47. Ng5+ Kg7 48. Rb7+ Kg8 49. h3 Ra3+ 50. Kg2 Ra2+ 51. Kg3 Ra3+ 52. Kh4 Ra4 53. Nxh7 Nf7 54. Nf6+ Kg7 55. Ne8+ Kf8 56. Nc7 Ra3 57. Ne6+ Kg8 58. Rc7 Re3 59. Rc8+ Kh7 60. Ng5+ Nxg5 61. Kxg5 Re7 62. Kf6 Ra7 63. Re8 Ra6+ 64. Re6 Ra5 65. h4 Kh6 66. Kf7 Ra7+ 67. Kf6 Ra4 68. g5+ Kh5 69. Re8 Rf4+ 70. Kg7 Rxh4 71. Rh8+ Kxg5 72. Rxh4 Kxh4 73. Kxg6 1/2-1/2

[Event "Goiania Regional Centro Oeste"]
[Site "Goiania"]
[Date "2019.12.01"]
[Round "6"]
[White "Mourao, Igor AC Lofredo"]
[Black "Garcia, Gabriel Gonzaga"]
[Result "1-0"]
[WhiteElo "2124"]
[BlackElo "2183"]
[PlyCount "103"]
[EventDate "2019.11.29"]
[EventType "swiss"]
[EventRounds "6"]
[EventCountry "BRA"]
[SourceTitle "EXT 2021"]
[Source "ChessBase"]
[SourceDate "2020.10.23"]
[SourceVersion "1"]
[SourceVersionDate "2020.10.23"]
[SourceQuality "1"]

1. d4 Nf6 2. c4 e6 3. Nc3 Bb4 4. g3 0-0 5. Bg2 d5 6. Nf3 c6 7. 0-0 Nbd7 8. Qb3 Bd6 9. Nd2 e5 10. dxe5 dxc4 11. Nxc4 Nxe5 12. Nxd6 Qxd6 13. Bf4 Qe7 14. Rad1 Re8 15. Qc2 Bg4 16. h3 Bh5 17. Qb3 Qc7 18. Rd4 Rad8 19. Rxd8 Rxd8 20. Bxe5 Qxe5 21. Qxb7 Bxe2 22. Nxe2 Qxe2 23. Bxc6 h5 24. Bf3 Qc2 25. h4 a5 26. Qb5 a4 27. b3 Rd3 28. Qxa4 Rd2 29. a3 g6 30. Qc6 Qb2 31. b4 Kg7 32. Qc1 Qa2 33. b5 Rd3 34. Bg2 Rxa3 35. b6 Rb3 36. b7 Qa5 37. Qf4 Qb6 38. Qe5 Rb2 39. Qe3 Qb4 40. Qe5 Qb6 41. Bc6 Rb3 42. Rd1 Rb2 43. Qd4 Qb3 44. Rd3 Rb1+ 45. Kh2 Qc2 46. Rc3 Qe2 47. Rf3 Qe6 48. Rc3 Qe1 49. Bg2 Qe6 50. Rc6 Qe7 51. Rb6 Qd8 52. Qxf6+ 1-0

[Event "Goiania Regional Centro Oeste"]
[Site "Goiania"]
[Date "2019.11.29"]
[Round "1"]
[White "Mourao, Igor AC Lofredo"]
[Black "Franca, Jairo Jr"]
[Result "1-0"]
[WhiteElo "2124"]
[BlackElo "1765"]
[PlyCount "55"]
[EventDate "2019.11.29"]
[EventType "swiss"]
[EventRounds "6"]
[EventCountry "BRA"]
[SourceTitle "EXT 2021"]
[Source "ChessBase"]
[SourceDate "2020.10.23"]
[SourceVersion "1"]
[SourceVersionDate "2020.10.23"]
[SourceQuality "1"]

1. d4 Nf6 2. c4 e6 3. Nc3 d5 4. cxd5 exd5 5. Bg5 Bb4 6. e3 c6 7. Bd3 0-0 8. Nge2 Re8 9. 0-0 Nbd7 10. Qc2 Nf8 11. Rae1 Ng6 12. f3 h6 13. Bxf6 Qxf6 14. e4 Nf4 15. Nxf4 Qxf4 16. g3 Qd6 17. e5 Qd8 18. f4 Bh3 19. Rf2 c5 20. a3 Ba5 21. dxc5 d4 22. Rd1 Qe7 23. Ne4 Bc7 24. Nd6 Bxd6 25. cxd6 Qd8 26. Bf5 Bxf5 27. Qxf5 Rc8 28. d7 1-0

[Event "Goiania Franca Memorial"]
[Site "Goiania"]
[Date "2019.10.19"]
[Round "2"]
[White "Franca, Jairo Jr"]
[Black "Mourao, Igor AC Lofredo"]
[Result "0-1"]
[WhiteElo "1789"]
[BlackElo "2108"]
[PlyCount "66"]
[EventDate "2019.10.18"]
[EventType "swiss"]
[EventRounds "5"]
[EventCountry "BRA"]
[SourceTitle "CBM 193 Extra"]
[Source "ChessBase"]
[SourceDate "2020.01.31"]
[SourceVersion "1"]
[SourceVersionDate "2020.01.31"]
[SourceQuality "1"]

1. e4 c5 2. Nf3 Nc6 3. d4 cxd4 4. Nxd4 Nf6 5. Nc3 e5 6. Ndb5 d6 7. Bg5 a6 8. Na3 b5 9. Nd5 Be7 10. Bxf6 Bxf6 11. c4 b4 12. Nc2 Rb8 13. Bd3 Bg5 14. 0-0 0-0 15. b3 g6 16. a3 bxa3 17. b4 Be6 18. Qe1 f5 19. Rxa3 f4 20. Rxa6 Qc8 21. b5 Bxd5 22. exd5 f3 23. Be4 Ne7 24. Qc3 Rf4 25. Re1 fxg2 26. Nb4 Qg4 27. f3 Qh5 28. Rxd6 Rh4 29. Qxe5 Be3+ 30. Rxe3 Qxe5 31. Kxg2 Qxd6 32. Nc6 Nxc6 33. dxc6 Rxh2+ 0-1

[Event "Goiania Xeque Mate U2200 op 4th"]
[Site "Goiania"]
[Date "2019.03.10"]
[Round "5"]
[White "Franca, Jairo Jr"]
[Black "Mourao, Igor AC Lofredo"]
[Result "0-1"]
[WhiteElo "1832"]
[BlackElo "2080"]
[PlyCount "82"]
[EventDate "2019.03.09"]
[EventType "swiss"]
[EventRounds "5"]
[EventCountry "BRA"]
[SourceTitle "CBM 190 Extra"]
[Source "ChessBase"]
[SourceDate "2019.07.15"]
[SourceVersion "1"]
[SourceVersionDate "2019.07.15"]
[SourceQuality "1"]

1. e4 c5 2. Nf3 Nc6 3. d4 cxd4 4. Nxd4 Nf6 5. Nc3 d6 6. Bg5 Bd7 7. Bxf6 gxf6 8. Qd2 Nxd4 9. Qxd4 Qa5 10. f4 Rc8 11. Be2 Rg8 12. g3 f5 13. 0-0-0 Bg7 14. e5 Bc6 15. Nd5 Qxa2 16. Bc4 Qa1+ 17. Kd2 Qa5+ 18. Kc1 Qc5 19. Qxc5 dxc5 20. Rhe1 e6 21. Ne3 Ke7 22. Be2 b5 23. Rd6 Rgd8 24. Red1 f6 25. Rxd8 Rxd8 26. Rxd8 Kxd8 27. exf6 Bxf6 28. c3 a5 29. h3 b4 30. cxb4 cxb4 31. g4 fxg4 32. hxg4 h6 33. b3 e5 34. fxe5 Bxe5 35. Nf5 Be4 36. Ne3 Bf4 37. Kd2 Ke7 38. Bd3 Bxd3 39. Kxd3 Bxe3 40. Kxe3 Kf6 41. Kf4 a4 0-1

[Event "Goiania Regional-ch"]
[Site "Goiania"]
[Date "2018.12.08"]
[Round "7"]
[White "Mourao, Igor AC Lofredo"]
[Black "Diamant, Andre"]
[Result "0-1"]
[WhiteElo "2074"]
[BlackElo "2539"]
[PlyCount "36"]
[EventDate "2018.11.30"]
[EventType "tourn"]
[EventRounds "10"]
[EventCountry "BRA"]
[SourceTitle "CBM 187 Extra"]
[Source "ChessBase"]
[SourceDate "2018.11.04"]
[SourceVersion "1"]
[SourceVersionDate "2018.11.04"]
[SourceQuality "1"]

1. c4 e5 2. Nc3 Nc6 3. g3 Bc5 4. e3 a6 5. Bg2 d6 6. Nge2 Ba7 7. 0-0 h5 8. d4 Nge7 9. b4 h4 10. c5 hxg3 11. fxg3 Bg4 12. d5 Nb8 13. Qa4+ Nd7 14. Ba3 Nf5 15. cxd6 Bxe3+ 16. Kh1 Nxg3+ 17. Nxg3 Rxh2+ 18. Kxh2 Qh4+ 0-1

[Event "Goiania Goias op"]
[Site "Goiania"]
[Date "2018.10.20"]
[Round "3"]
[White "Mourao, Igor AC Lofredo"]
[Black "Diamant, Andre"]
[Result "0-1"]
[WhiteElo "2059"]
[BlackElo "2534"]
[PlyCount "104"]
[EventDate "2018.10.19"]
[EventType "swiss"]
[EventRounds "6"]
[EventCountry "BRA"]
[SourceTitle "CBM 187 Extra"]
[Source "ChessBase"]
[SourceDate "2018.11.04"]
[SourceVersion "1"]
[SourceVersionDate "2018.11.04"]
[SourceQuality "1"]

1. d4 Nf6 2. c4 g6 3. Nc3 Bg7 4. e4 d6 5. Nf3 0-0 6. Be2 Na6 7. Be3 Qe8 8. 0-0 e5 9. dxe5 dxe5 10. h3 c6 11. Qc1 Qe7 12. Bh6 Nc5 13. Bxg7 Kxg7 14. Qe3 a5 15. Rfd1 Nh5 16. Bf1 Nf4 17. Ne2 Nxe2+ 18. Bxe2 f6 19. Rac1 Be6 20. b3 Rfd8 21. Ne1 Bf7 22. Rxd8 Rxd8 23. Nd3 Ne6 24. c5 Rd4 25. Bf1 a4 26. f4 axb3 27. axb3 Nc7 28. fxe5 fxe5 29. b4 Na6 30. b5 cxb5 31. c6 bxc6 32. Rxc6 Nc7 33. Nxe5 Qxe5 34. Rxc7 Rxe4 35. Qa7 Rf4 36. Re7 Qf5 37. Rxf7+ Qxf7 38. Qxf7+ Kxf7 39. Bxb5 Kf6 40. Kh2 Ke5 41. Kg3 Ke4 42. Bc6+ Ke3 43. Bd5 Rf5 44. Bc6 Rg5+ 45. Kh2 Kf4 46. Bf3 Rg3 47. Bd1 Re3 48. Bg4 Ra3 49. Bd1 Kg5 50. Bf3 h5 51. Kg3 h4+ 52. Kh2 Rxf3 0-1

[Event "Goiania FEXEG Cup"]
[Site "Goiania"]
[Date "2018.05.18"]
[Round "1"]
[White "Mourao, Igor AC Lofredo"]
[Black "Santos, Abel Cardoso Dos"]
[Result "1/2-1/2"]
[WhiteElo "2088"]
[BlackElo "1730"]
[PlyCount "150"]
[EventDate "2018.05.18"]
[EventType "swiss"]
[EventRounds "6"]
[EventCountry "BRA"]
[SourceTitle "CBM 184 Extra"]
[Source "ChessBase"]
[SourceDate "2018.06.28"]
[SourceVersion "1"]
[SourceVersionDate "2018.06.28"]
[SourceQuality "1"]

1. d4 Nf6 2. c4 g6 3. Nc3 Bg7 4. e4 d6 5. Nf3 0-0 6. h3 Nbd7 7. Bg5 h6 8. Be3 e5 9. d5 Qe7 10. g4 Nc5 11. Nd2 a5 12. Be2 c6 13. h4 Ne8 14. h5 g5 15. a4 Bd7 16. 0-0 Nf6 17. f3 Rfc8 18. dxc6 Rxc6 19. Ndb1 Ne6 20. Nd5 Qd8 21. Nbc3 Nf4 22. Rc1 N6xd5 23. cxd5 Rxc3 24. Rxc3 Bxa4 25. b3 Bd7 26. Re1 Bf6 27. Bf1 b5 28. Qd2 Qb8 29. Rec1 Bd8 30. R3c2 Kg7 31. Ra1 Qb7 32. Kh1 Kf6 33. Qe1 Rc8 34. Rxc8 Qxc8 35. Rc1 Qb8 36. Bf2 Bb6 37. Kg1 Bc7 38. Qe3 Ke7 39. Qa7 Qxa7 40. Bxa7 Kd8 41. Kf2 Be8 42. Ke3 Bd7 43. Kd2 Be8 44. Kc3 Kc8 45. Kb2 Kb7 46. Be3 f6 47. Rc2 Bd7 48. Kb1 Bb6 49. Bd2 b4 50. Ra2 Be8 51. Kc2 Bd7 52. Ra1 Be8 53. Bxf4 exf4 54. e5 dxe5 55. Kd3 Bd4 56. Rb1 Bf7 57. Ke4 Kb6 58. Rc1 Be3 59. Ra1 Be8 60. Kd3 Bb5+ 61. Ke4 Bd7 62. Ra2 Bd4 63. Bc4 Be3 64. Kd3 Be8 65. Kc2 Bf7 66. Kd1 Bg8 67. Ke2 Bd4 68. Rc2 Be3 69. Bd3 Bc5 70. Be4 Bf7 71. Ra2 Bd4 72. Kd3 Kb5 73. Rc2 Bc5 74. Ra2 Bd4 75. Ke2 Kb6 1/2-1/2

[Event "Goiania STD op"]
[Site "Goiania"]
[Date "2018.03.09"]
[Round "2"]
[White "Franca, Jairo Jr"]
[Black "Mourao, Igor AC Lofredo"]
[Result "1-0"]
[WhiteElo "1880"]
[BlackElo "2096"]
[PlyCount "111"]
[EventDate "2018.03.09"]
[EventType "swiss"]
[EventRounds "6"]
[EventCountry "BRA"]
[SourceTitle "CBM 183 Extra"]
[Source "ChessBase"]
[SourceDate "2018.04.19"]
[SourceVersion "1"]
[SourceVersionDate "2018.04.19"]
[SourceQuality "1"]

1. e4 c5 2. Nc3 g6 3. g3 Bg7 4. Bg2 Nc6 5. d3 d6 6. Nge2 e6 7. 0-0 Nge7 8. Bg5 h6 9. Be3 Rb8 10. d4 b6 11. Qd2 h5 12. Rad1 Ba6 13. Rfe1 h4 14. a4 hxg3 15. hxg3 Bxe2 16. Nxe2 c4 17. d5 exd5 18. exd5 Ne5 19. Nd4 c3 20. Qe2 Rc8 21. b3 Qd7 22. Bg5 f6 23. Bc1 g5 24. f4 gxf4 25. gxf4 N5g6 26. Ne6 Kf7 27. Qg4 Rh4 28. Ng5+ Ke8 29. Rxe7+ Nxe7 30. Qxh4 fxg5 31. Qh5+ Kd8 32. Bh3 Qc7 33. Bxc8 Qc5+ 34. Kf1 Qxc8 35. Qxg5 Qh3+ 36. Qg2 Qh7 37. Re1 Nf5 38. Be3 Bf6 39. Bf2 Ne7 40. Re6 Qf5 41. Qe4 Qxe4 42. Rxe4 Nxd5 43. Bd4 Be7 44. Ke2 Ke8 45. Kd3 Kf7 46. Bxc3 Nc7 47. Bd4 Ne6 48. Bf2 d5 49. Re5 Bf6 50. Rxd5 Nxf4+ 51. Ke4 Nxd5 52. Kxd5 Bd8 53. Kc6 Ke6 54. Kb7 Kd7 55. b4 Be7 56. b5 1-0

[Event "Goiania Regional-ch"]
[Site "Goiania"]
[Date "2017.11.26"]
[Round "4"]
[White "Mourao, Igor AC Lofredo"]
[Black "Garcia, Gabriel Gonzaga"]
[Result "0-1"]
[WhiteElo "2122"]
[BlackElo "2207"]
[PlyCount "78"]
[EventDate "2017.11.24"]
[EventType "tourn"]
[EventRounds "10"]
[EventCountry "BRA"]
[SourceTitle "EXT 2019"]
[Source "ChessBase"]
[SourceDate "2018.10.10"]
[SourceVersion "1"]
[SourceVersionDate "2018.10.10"]
[SourceQuality "1"]

1. e4 c6 2. d4 d5 3. exd5 cxd5 4. c4 Nf6 5. Nc3 Nc6 6. Nf3 e6 7. Be2 dxc4 8. Bxc4 a6 9. 0-0 b5 10. Bb3 Na5 11. Bc2 Bb7 12. Qe2 Be7 13. Rd1 0-0 14. Ne5 Rc8 15. Bg5 b4 16. Na4 Qd5 17. f3 Qb5 18. Qf2 h6 19. Bh4 Ng4 20. Nxg4 Bxh4 21. g3 Rxc2 22. Qxc2 Bxf3 23. Ne5 Bxd1 24. Rxd1 Bf6 25. Ng4 Be7 26. b3 Nc6 27. Qe4 Rd8 28. Ne3 Qe2 29. Qd3 Qxa2 30. d5 Ne5 31. Qe4 Qxb3 32. Qxe5 Bf6 33. Qe4 exd5 34. Rxd5 Qxa4 35. Rxd8+ Bxd8 36. Nd5 a5 37. h4 Qd7 38. Kg2 b3 39. Qd3 b2 0-1